|
|
|
|
| LEADER |
00000nta a2200000 i 4500 |
| 001 |
dolg34292 |
| 005 |
20220628093651.0 |
| 008 |
210902s2013 hu om 000 hun d |
| 040 |
|
|
|a BGE Dolgozattár Repozitórium
|b hun
|
| 041 |
|
|
|a hu
|
| 100 |
1 |
|
|a Danka Annamária
|
| 245 |
1 |
0 |
|a Mobilkommunikáció
|b Bárhol vagy, mi úgyis megtalálunk
|c Danka Annamária
|h [elektronikus dokumentum]
|
| 260 |
|
|
|c 2013
|
| 695 |
|
|
|a Információ-technológia
|
| 695 |
|
|
|a Marketingkommunikáció
|
| 700 |
1 |
|
|a Nincs adat Nincs adat
|e ths
|
| 856 |
4 |
0 |
|u http://dolgozattar.uni-bge.hu/34292/1/D_16326_Danka%20Annam%C3%A1ria.pdf
|z Dokumentum-elérés
|